Keep thyself pure and other messages for young people from I and II Timothy. (Record no. 12684)

000 -LEADER
fixed length control field 00603nam a2200181 a 4500
001 - CONTROL NUMBER
control field :::00010498$&:&@@
003 - CONTROL NUMBER IDENTIFIER
control field OkBaRHE
005 - DATE AND TIME OF LATEST TRANSACTION
control field 20000607103359.0
008 - FIXED-LENGTH DATA ELEMENTS--GENERAL INFORMATION
fixed length control field j 000 0 eng u
040 ## - CATALOGING SOURCE
Transcribing agency
100 1# - MAIN ENTRY--PERSONAL NAME
Personal name McLean, W. T.
245 10 - TITLE STATEMENT
Title Keep thyself pure and other messages for young people from I and II Timothy.
260 ## - PUBLICATION, DISTRIBUTION, ETC. (IMPRINT)
Place of publication, distribution, etc Grand Rapids, MI., :
Name of publisher, distributor, etc Zondervan
Date of publication, distribution, etc nd
300 ## - PHYSICAL DESCRIPTION
Extent 48 p. ;
Dimensions 20 cm.
650 ## - SUBJECT ADDED ENTRY--TOPICAL TERM
Topical term or geographic name as entry element Christian Life
General subdivision Addresses, Essays, Lectures
942 ## - ADDED ENTRY ELEMENTS (KOHA)
Source of classification or shelving scheme
Koha item type Books
Copies
Shelving location Price effective from Damaged status Copy number Barcode Full call number Lost status Source of classification or shelving scheme Withdrawn status Not for loan Date last seen Koha item type Permanent Location Date acquired
General Stacks2010-04-14 110498BV 4501 .M337    2010-04-14BooksRHEMA Bible Training College2010-04-14